000 00334nam a22001337a 4500
008 170216b xxu||||| |||| 00| 0 eng d
020 _a9780683075786
041 _aeng
080 _26TH
_a615
100 _a5
101 _aSHF
245 _aCASEBOOK FOR HERFINDAL AND GOURLEYS TEXTBOOK OF THERAPEUTICS
_cSCHROEDER, D
942 _2udc
_cBK
999 _c5753
_d5753